000 00516cam a22001574a 4500
020 _a0127447601 (alk. paper)
050 0 0 _aQH96
_b.W47 2001
100 1 _aWetzel, Robert G.
245 1 0 _aLimnology :
_blake and river ecosystems /
_cRobert G. Wetzel.
250 _a3rd ed.
260 _aSan Diego :
_bAcademic Press,
_cc2001.
300 _axvi, 1006 p. :
856 4 2 _uhttp://www.loc.gov/catdir/description/els031/00110178.html
856 4 1 _uhttp://www.loc.gov/catdir/enhancements/fy0610/00110178-t.html
942 _cGEN
999 _c1844
_d1844